ბათუმის შოთა რუსთაველის სახელმწიფო უნივერსიტეტის ბიბლიოთეკა

Проектирование и сооружение подземных резервуаров-нефтегазохранилищ. (ბიბ.ჩანაწერი № 37143)

000 -LEADER
fixed length control field 00728nam a2200205Ia 4500
001 - CONTROL NUMBER
control field 3099
003 - CONTROL NUMBER IDENTIFIER
control field GE_BSU
008 - FIXED-LENGTH DATA ELEMENTS--GENERAL INFORMATION
fixed length control field 181216s||||||||xx |||||||||||||| ||und||
040 ## - CATALOGING SOURCE
Transcribing agency GE_BSU
080 ## - UNIVERSAL DECIMAL CLASSIFICATION NUMBER
Universal Decimal Classification number 624.953
100 ## - MAIN ENTRY--PERSONAL NAME
Personal name Гофман-Захаров,П.М.
245 ## - TITLE STATEMENT
Title Проектирование и сооружение подземных резервуаров-нефтегазохранилищ.
245 ## - TITLE STATEMENT
Statement of responsibility, etc. ред.С.Н.Сотниченко.
260 ## - PUBLICATION, DISTRIBUTION, ETC.
Place of publication, distribution, etc. Киев.
260 ## - PUBLICATION, DISTRIBUTION, ETC.
Name of publisher, distributor, etc. Будивельник.
260 ## - PUBLICATION, DISTRIBUTION, ETC.
Date of publication, distribution, etc. 1973.
300 ## - PHYSICAL DESCRIPTION
Extent 244стр.21см.
653 ## - INDEX TERM--UNCONTROLLED
Uncontrolled term Проектирование и сооружение подземных резервуаров-нефтегазохранилищ.
942 ## - ADDED ENTRY ELEMENTS (KOHA)
Koha item type წიგნი
ეგზემპლარები
Withdrawn status Lost status Damaged status Not for loan Date acquired Barcode Date last seen Price effective from Koha item type
        2018-12-17 9418 2018-12-17 2018-12-17 წიგნი
        2018-12-17 9417 2018-12-17 2018-12-17 წიგნი